Handbuk ng sikolohiyang Pilipino : (Record no. 19112)
[ view plain ]
| 000 -LEADER | |
|---|---|
| fixed length control field | 00566nam a22001577a 4500 |
| 005 - DATE AND TIME OF LATEST TRANSACTION | |
| control field | 20241129100818.0 |
| 008 - FIXED-LENGTH DATA ELEMENTS--GENERAL INFORMATION | |
| fixed length control field | 240213b ||||| |||| 00| 0 eng d |
| 020 ## - INTERNATIONAL STANDARD BOOK NUMBER | |
| International Standard Book Number | 9789715428637 |
| 082 ## - DEWEY DECIMAL CLASSIFICATION NUMBER | |
| Classification number | DFil 155.89599 |
| Item number | H191 2019 |
| 245 ## - TITLE STATEMENT | |
| Title | Handbuk ng sikolohiyang Pilipino : |
| Remainder of title | bolyum 2: gamit / |
| Statement of responsibility, etc. | Edited by Rogelia Pe-Pua. |
| 260 ## - PUBLICATION, DISTRIBUTION, ETC. (IMPRINT) | |
| Place of publication, distribution, etc. | Quezon City : |
| Name of publisher, distributor, etc. | The University of the Philippines Press, |
| Date of publication, distribution, etc. | ©2019. |
| 300 ## - PHYSICAL DESCRIPTION | |
| Extent | xxvii, 613 pages : |
| Other physical details | illustrations ; |
| Dimensions | 26 cm. |
| 650 ## - SUBJECT ADDED ENTRY--TOPICAL TERM | |
| Topical term or geographic name as entry element | Filipinos |
| General subdivision | Psychology. |
| 9 (RLIN) | 52537 |
| 650 ## - SUBJECT ADDED ENTRY--TOPICAL TERM | |
| Topical term or geographic name as entry element | Psychology |
| General subdivision | Methodology. |
| 9 (RLIN) | 4609 |
| 942 ## - ADDED ENTRY ELEMENTS (KOHA) | |
| Source of classification or shelving scheme | Dewey Decimal Classification |
| Koha item type | Filipiniana |
| Withdrawn status | Lost status | Source of classification or shelving scheme | Damaged status | Not for loan | Collection code | Home library | Current library | Date acquired | Source of acquisition | Cost, normal purchase price | Total Checkouts | Full call number | Barcode | Date last seen | Price effective from | Koha item type |
|---|---|---|---|---|---|---|---|---|---|---|---|---|---|---|---|---|
| Dewey Decimal Classification | Filipiniana | UM Digos College - LIC | UM Digos College - LIC | 08/08/2023 | Purchased | 1830.00 | DFil 155.89599 H191 2019 | 27772 | 05/15/2025 | 02/13/2024 | Filipiniana |
